| 000 | 00507nam a2200193Ia 4500 | ||
|---|---|---|---|
| 999 |
_c14834 _d14834 |
||
| 003 | OSt | ||
| 005 | 20201014143701.0 | ||
| 008 | 190216s9999||||xx |||||||||||||| ||und|| | ||
| 020 | _a9788192391700 | ||
| 040 | _coclc | ||
| 082 |
_a823.01 _bLAB/S |
||
| 100 |
_aAuthors _91880 |
||
| 245 | 0 |
_aLabyrinth Short Stories / _cAuthors |
|
| 250 | _a3RD | ||
| 260 |
_bLitizen. Com, _c2013. _amumbai: |
||
| 300 | _a221p | ||
| 650 | _aEnglish | ||
| 942 |
_cBK _2ddc _h823.01 _iLAB/S _k823.01 _mLAB/S |
||